| 000 | 01612nam0a2200313 4500 | ||
|---|---|---|---|
| 001 | RU\NLR\BIBL_A\022353705 | ||
| 005 | 20260420015925.0 | ||
| 010 |
_a978-5-907817-40-1 _9500 |
||
| 021 |
_aRU _bКН-П-24-052739 _9КН-П-24-5246 |
||
| 035 | _a(NLR Aleph) 022353705 | ||
| 090 |
_a13667548 _c13667548 |
||
| 100 | _a20241016d2024 u y0rusy50 ca | ||
| 101 | 0 | _arus | |
| 102 | _aRU | ||
| 105 | _aa j 000yy | ||
| 181 | 0 |
_ai _baxxe |
|
| 182 | 0 | _an | |
| 200 | 1 |
_aПсихология _eучебное пособие _eдля обучающихся по специальности 38.05.01 Экономическая безопасность, специализация "Финансовая безопасность" _fЛ. В. Сурженко _gМинистерство сельского хозяйства Российской Федерации, ФГБОУ ВО "Кубанский государственный аграрный университет имени Т. И. Трубилина" |
|
| 203 |
_aТекст _bвизуальный _cнепосредственный |
||
| 210 |
_aКраснодар _cКубГАУ _d2024 |
||
| 215 |
_a136 с. _cил., табл. _d20 |
||
| 320 | _aБиблиогр.: с. 131–135 (53 назв.) | ||
| 606 | 1 |
_aПсихология _jУчебные издания для высших учебных заведений _9931820 _3RU\NLR\AUTH\6624683 |
|
| 686 | 1 | _aЮ93я73 | |
| 700 | 1 |
_aСурженко _bЛ. В. _gЛариса Викторовна |
|
| 942 | _cBOOK | ||
| 980 | _aNB | ||